000 00428nam a2200181Ia 4500
001 4976
005 20260306145834.0
008 260306t2002||||xx |||||||||||||| ||spa||
041 _aESP
082 _a332.152
_bS81
100 _aStiglitz, Joseph E.
_eAUT
245 0 _aEl malestra en la globalización
260 _c2002
300 _a348 pƔginas :
_c21 cm.
650 _aGEN
654 _aCAN
942 _cLIB
_dJUS
_fJUS
_2ddc
_n
999 _c4976
_d4976